| 000 | 00994nac a22002411u 4500 | ||
|---|---|---|---|
| 008 | 100907t2006 xxu|||||r|||| 001 0 eng d | ||
| 010 | _a 2005029831 | ||
| 020 | _a0750678755 (alk. paper) | ||
| 020 | _a9780750678759 | ||
| 035 | _a(OCoLC)ocm62118284 | ||
| 082 | 0 | 0 |
_a624.171 _bSIM _222 |
| 100 |
_aSimitses, George J., _918641 |
||
| 245 | 1 | 0 |
_aFundamentals of Structural Stability / _cGeorge J. Simitses, Dewey H. Hodges. |
| 260 |
_aAmsterdam ; _aBoston : _aElsevier/Butterworth-Heinemann, _cc2006. |
||
| 300 |
_axii, 389 p. : _bill. ; _c27 cm. |
||
| 504 | _aIncludes bibliographical references and indexes. | ||
| 650 | 0 |
_aStructural stability _vTextbooks. _918642 |
|
| 650 | 0 |
_aBuckling (Mechanics) _vTextbooks. _918643 |
|
| 700 | 1 |
_aHodges, Dewey H. _918644 |
|
| 856 | 4 | 1 |
_3Table of contents only _uhttp://www.loc.gov/catdir/toc/ecip062/2005029831.html |
| 856 | 4 | 1 |
_3Publisher description _uhttp://www.loc.gov/catdir/enhancements/fy0623/2005029831-d.html |
| 942 |
_cBB _k624.171SIM _2ddc |
||
| 999 |
_c1871 _d1871 |
||